La población de América Latina: desde los tiempos precolombinos al año 2000

Guardat en:
Dades bibliogràfiques
Autor principal: Sánchez-Albornoz, Nicolás (Autor)
Format: Llibre
Idioma:espanyol
Publicat: Madrid Alianza 1973
Col·lecció:Alianza Universal, 53
Matèries:
Etiquetes: Afegir etiqueta
Sense etiquetes, Sigues el primer a etiquetar aquest registre!

MARC

LEADER 00000nam a2200000 a 4500
001 UCR8092
003 CL-VaPUC
008 980519e19730000SP |||||||||||||||||spa|d
082 0 4 |a 304.609  |b SAN  |2 21 
100 0 |a Sánchez-Albornoz, Nicolás  |e author  |9 409764 
245 1 3 |a La población de América Latina: desde los tiempos precolombinos al año 2000 
300 |a 312 p 
942 |c BK 
945 |d 19980519 00:00:00  |a lriquelm 
260 |a Madrid  |b Alianza  |c 1973 
650 0 |a Población  |9 257577 
650 0 |a Demografía   |9 260008 
650 7 |a EXPLOSION DEMOGRAFICA  |2 CL-VaPUC  |9 409765 
650 7 |a POBLACION PRECOLOMBINA  |2 CL-VaPUC  |9 409766 
650 0 |a Conquista  |9 339504 
651 0 |a América Latina   |9 255027 
583 |a last modification  |c 19980519 00:00:00  |k Rodrigo Vera 
490 0 |a Alianza Universal, 53 
999 |c 269657  |d 269655 
952 |0 0  |1 0  |4 0  |6 304_609000000000000_SAN_1973  |7 0  |8 A  |9 303480  |a BIBENE  |b BIBENE  |d 2019-11-20  |i 1984810  |o 304.609 SAN 1973  |p 1984810  |r 2025-01-15  |w 2019-11-20  |y BK  |k ICO 
952 |0 0  |1 0  |4 0  |6 304_609000000000000_SAN_1973  |7 0  |8 A  |9 303481  |a BIBHIS  |b BIBHIS  |d 2019-11-20  |i 1336851  |o 304.609 SAN 1973  |p 1336851  |r 2025-01-20  |w 2019-11-20  |y BK  |k HIS 
952 |0 0  |1 0  |4 0  |6 304_609000000000000_SAN_1973  |7 0  |8 A  |9 303482  |a BIBHIS  |b BIBHIS  |d 2019-11-20  |i 133686K  |o 304.609 SAN 1973  |p 133686K  |r 2025-01-20  |w 2019-11-20  |y BK  |k HIS 
952 |0 0  |1 0  |4 0  |6 304_609000000000000_SAN_1973  |7 0  |8 A  |9 303483  |a BIBHIS  |b BIBHIS  |d 2019-11-20  |i 1336878  |o 304.609 SAN 1973  |p 1336878  |r 2025-01-20  |w 2019-11-20  |y BK  |k HIS 
952 |0 0  |1 0  |4 0  |6 304_609000000000000_SAN_1973  |7 0  |8 A  |9 303484  |a BIBHIS  |b BIBHIS  |d 2019-11-20  |i 1259814  |o 304.609 SAN 1973  |p 1259814  |r 2025-01-20  |w 2019-11-20  |y BK  |k HIS